000 00317nam a2200133Ia 4500
005 20260328101452.0
008 260328s9999||||xx |||||||||||||| ||und||
100 _aGattegno, Caleb
245 0 _aHacia una Cultura Visual /
_cCaleb Gattegno
260 _bSepsetentas
300 _a159 p.
650 _aARTE
942 _cBK
999 _c8695
_d8695